000 00338nam a2200133Ia 4500
008 240624s9999 xx 000 0 und d
041 _aeng
082 _a330 LEV
100 _aLEVITT STEVEN D
245 _aFREAKONOMICS A ROUGE ECONOMIST EXPLORES
260 _aNew York
_bAllen Lane
300 _axii, : 242 : p. : cm. ; 23
365 _cERU
999 _c2939
_d2939